000 00875nam a2200289 i 4500
003 EG-GICUC
005 20260228092600.0
008 260228s1988 uk ||||fr|||| 00| 0 eng d
040 _aEG-GiCUC
_beng
_cEG-GiCUC
_dEG-GiCUC
_eRda
082 0 4 _221
_a341.48
_bRI
092 0 4 _221
099 _aLaw1 11 341.48 RI 1988
245 1 4 _aThe Rights of Peoples /
_cJames Crawford.
_n
_b
264 3 _aOxford :
_bClarendon Press,
_c1988.
300 _a236page :
_billustration ;
_c 24 cm.
336 _2rda contenu
_a texte
337 _2rda medias
_aOrdinateur
338 _2 transporteur rda
_a Ressource en ligne
504 _a
546 _aText in English
650 1 4 _aPublic international law
_2
651 1 _2
700 1 _aCrawford, James
_eeditor.
856 4 0 _uhttps://fll.law.cu.edu.eg/fulltext/bks/B11-09194.pdf
905 _a50
942 _2ddc
_cBK
_e21
_n0
999 _c64345
_d64345